<?xml version="1.0" encoding="UTF-8"?>
<record
    xmlns:xsi="http://www.w3.org/2001/XMLSchema-instance"
    xsi:schemaLocation="http://www.loc.gov/MARC21/slim http://www.loc.gov/standards/marcxml/schema/MARC21slim.xsd"
    xmlns="http://www.loc.gov/MARC21/slim">

  <leader>01906nam0a2200397   4500</leader>
  <controlfield tag="001">RU\NLR\bibl\1697847</controlfield>
  <controlfield tag="005">20260405212526.0</controlfield>
  <datafield tag="010" ind1=" " ind2=" ">
    <subfield code="a">978-5-211-05759-3</subfield>
    <subfield code="9">900</subfield>
  </datafield>
  <datafield tag="021" ind1=" " ind2=" ">
    <subfield code="a">RU</subfield>
    <subfield code="b">2010-76858</subfield>
    <subfield code="9">5125</subfield>
  </datafield>
  <datafield tag="035" ind1=" " ind2=" ">
    <subfield code="a">(nilc)RSL-KNO-004743097</subfield>
  </datafield>
  <datafield tag="035" ind1=" " ind2=" ">
    <subfield code="a">(NLR Aleph) 001688935</subfield>
  </datafield>
  <datafield tag="090" ind1=" " ind2=" ">
    <subfield code="a">1148417</subfield>
    <subfield code="c">1148417</subfield>
  </datafield>
  <datafield tag="100" ind1=" " ind2=" ">
    <subfield code="a">20101011d2010    |||y0rusy50      ca</subfield>
  </datafield>
  <datafield tag="101" ind1="0" ind2=" ">
    <subfield code="a">rus</subfield>
  </datafield>
  <datafield tag="102" ind1=" " ind2=" ">
    <subfield code="a">RU</subfield>
  </datafield>
  <datafield tag="105" ind1=" " ind2=" ">
    <subfield code="a">a   |||||||||</subfield>
  </datafield>
  <datafield tag="200" ind1="1" ind2=" ">
    <subfield code="a">&#x41F;&#x430;&#x43B;&#x435;&#x43E;&#x431;&#x43E;&#x442;&#x430;&#x43D;&#x438;&#x43A;&#x430;</subfield>
    <subfield code="e">&#x432;&#x44B;&#x441;&#x448;&#x438;&#x435; &#x440;&#x430;&#x441;&#x442;&#x435;&#x43D;&#x438;&#x44F;</subfield>
    <subfield code="e">&#x443;&#x447;&#x435;&#x431;&#x43D;&#x43E;&#x435; &#x43F;&#x43E;&#x441;&#x43E;&#x431;&#x438;&#x435; &#x434;&#x43B;&#x44F; &#x441;&#x442;&#x443;&#x434;&#x435;&#x43D;&#x442;&#x43E;&#x432;, &#x43E;&#x431;&#x443;&#x447;&#x430;&#x44E;&#x449;&#x438;&#x445;&#x441;&#x44F; &#x43F;&#x43E; &#x43D;&#x430;&#x43F;&#x440;&#x430;&#x432;&#x43B;&#x435;&#x43D;&#x438;&#x44E; 020300 "&#x413;&#x435;&#x43E;&#x43B;&#x43E;&#x433;&#x438;&#x44F;"</subfield>
    <subfield code="f">&#x410;.&#x41B;. &#x42E;&#x440;&#x438;&#x43D;&#x430;, &#x41E;.&#x410;. &#x41E;&#x440;&#x43B;&#x43E;&#x432;&#x430;, &#x42E;.&#x418;. &#x420;&#x43E;&#x441;&#x442;&#x43E;&#x432;&#x446;&#x435;&#x432;&#x430;</subfield>
  </datafield>
  <datafield tag="210" ind1=" " ind2=" ">
    <subfield code="a">&#x41C;&#x43E;&#x441;&#x43A;&#x432;&#x430;</subfield>
    <subfield code="c">&#x418;&#x437;&#x434;-&#x432;&#x43E; &#x41C;&#x43E;&#x441;&#x43A;&#x43E;&#x432;&#x441;&#x43A;&#x43E;&#x433;&#x43E; &#x443;&#x43D;&#x438;&#x432;&#x435;&#x440;&#x441;&#x438;&#x442;&#x435;&#x442;&#x430;</subfield>
    <subfield code="d">2010</subfield>
  </datafield>
  <datafield tag="215" ind1=" " ind2=" ">
    <subfield code="a">221, [1] &#x441;.</subfield>
    <subfield code="c">&#x438;&#x43B;., &#x43A;&#x430;&#x440;&#x442;.</subfield>
    <subfield code="d">22</subfield>
  </datafield>
  <datafield tag="320" ind1=" " ind2=" ">
    <subfield code="a">&#x411;&#x438;&#x431;&#x43B;&#x438;&#x43E;&#x433;&#x440;.: &#x441;. 198-211 &#x438; &#x432; &#x43A;&#x43E;&#x43D;&#x446;&#x435; &#x440;&#x430;&#x437;&#x434;&#x435;&#x43B;&#x43E;&#x432;</subfield>
  </datafield>
  <datafield tag="320" ind1=" " ind2=" ">
    <subfield code="a">&#x423;&#x43A;&#x430;&#x437;. &#x43B;&#x430;&#x442;. &#x43D;&#x430;&#x437;&#x432;.: &#x441;. 212-219</subfield>
  </datafield>
  <datafield tag="320" ind1=" " ind2=" ">
    <subfield code="a">&#x423;&#x43A;&#x430;&#x437;. &#x442;&#x435;&#x440;&#x43C;&#x438;&#x43D;&#x43E;&#x432;: &#x441;. 220-222</subfield>
  </datafield>
  <datafield tag="606" ind1="1" ind2=" ">
    <subfield code="a">&#x418;&#x441;&#x43A;&#x43E;&#x43F;&#x430;&#x435;&#x43C;&#x44B;&#x435; &#x432;&#x44B;&#x441;&#x448;&#x438;&#x435; &#x440;&#x430;&#x441;&#x442;&#x435;&#x43D;&#x438;&#x44F;</subfield>
    <subfield code="j">&#x423;&#x447;&#x435;&#x431;&#x43D;&#x44B;&#x435; &#x438;&#x437;&#x434;&#x430;&#x43D;&#x438;&#x44F; &#x434;&#x43B;&#x44F; &#x432;&#x44B;&#x441;&#x448;&#x438;&#x445; &#x443;&#x447;&#x435;&#x431;&#x43D;&#x44B;&#x445; &#x437;&#x430;&#x432;&#x435;&#x434;&#x435;&#x43D;&#x438;&#x439;</subfield>
    <subfield code="9">2610740</subfield>
    <subfield code="3">RU\NLR\auth\661547298</subfield>
  </datafield>
  <datafield tag="686" ind1=" " ind2=" ">
    <subfield code="a">&#x415;15&#x44F;73-1</subfield>
    <subfield code="2">rubbk</subfield>
  </datafield>
  <datafield tag="686" ind1=" " ind2=" ">
    <subfield code="a">&#x415;159.2&#x44F;73</subfield>
  </datafield>
  <datafield tag="700" ind1=" " ind2="1">
    <subfield code="4">070</subfield>
    <subfield code="7">ca</subfield>
    <subfield code="8">rus</subfield>
    <subfield code="a">&#x42E;&#x440;&#x438;&#x43D;&#x430;</subfield>
    <subfield code="b">&#x410;. &#x41B;.</subfield>
    <subfield code="g">&#x410;&#x43B;&#x435;&#x444;&#x442;&#x438;&#x43D;&#x430; &#x41B;&#x44C;&#x432;&#x43E;&#x432;&#x43D;&#x430;</subfield>
    <subfield code="9">207374</subfield>
    <subfield code="3">RU\NLR\AUTH\770207427</subfield>
  </datafield>
  <datafield tag="701" ind1=" " ind2="1">
    <subfield code="4">070</subfield>
    <subfield code="7">ca</subfield>
    <subfield code="8">rus</subfield>
    <subfield code="a">&#x41E;&#x440;&#x43B;&#x43E;&#x432;&#x430;</subfield>
    <subfield code="b">&#x41E;. &#x410;.</subfield>
    <subfield code="c">&#x43A;&#x430;&#x43D;&#x434;. &#x433;&#x435;&#x43E;&#x43B;.-&#x43C;&#x438;&#x43D;&#x435;&#x440;&#x430;&#x43B;. &#x43D;&#x430;&#x443;&#x43A;</subfield>
    <subfield code="g">&#x41E;&#x43B;&#x44C;&#x433;&#x430; &#x410;&#x43B;&#x435;&#x43A;&#x441;&#x430;&#x43D;&#x434;&#x440;&#x43E;&#x432;&#x43D;&#x430;</subfield>
    <subfield code="9">78527</subfield>
    <subfield code="3">RU\NLR\auth\7795601</subfield>
  </datafield>
  <datafield tag="701" ind1=" " ind2="1">
    <subfield code="4">070</subfield>
    <subfield code="7">ca</subfield>
    <subfield code="8">rus</subfield>
    <subfield code="a">&#x420;&#x43E;&#x441;&#x442;&#x43E;&#x432;&#x446;&#x435;&#x432;&#x430;</subfield>
    <subfield code="b">&#x42E;. &#x418;.</subfield>
    <subfield code="g">&#x42E;&#x43B;&#x438;&#x44F; &#x418;&#x433;&#x43E;&#x440;&#x435;&#x432;&#x43D;&#x430;</subfield>
    <subfield code="9">205866</subfield>
    <subfield code="3">RU\NLR\AUTH\770205918</subfield>
  </datafield>
  <datafield tag="801" ind1=" " ind2="0">
    <subfield code="a">RU</subfield>
    <subfield code="b">&#x420;&#x413;&#x411;</subfield>
    <subfield code="c">20101011</subfield>
    <subfield code="g">RCR</subfield>
  </datafield>
  <datafield tag="801" ind1=" " ind2="1">
    <subfield code="a">RU</subfield>
    <subfield code="b">&#x420;&#x413;&#x411;</subfield>
    <subfield code="c">20101011</subfield>
  </datafield>
  <datafield tag="801" ind1=" " ind2="2">
    <subfield code="a">RU</subfield>
    <subfield code="b">NLR</subfield>
    <subfield code="c">20101111</subfield>
    <subfield code="g">rcr</subfield>
  </datafield>
  <datafield tag="830" ind1=" " ind2=" ">
    <subfield code="a">&#x430;&#x432;&#x442;. &#x43F;&#x43E; &#x43A;&#x43D;.</subfield>
  </datafield>
  <datafield tag="942" ind1=" " ind2=" ">
    <subfield code="c">BOOK</subfield>
  </datafield>
  <datafield tag="980" ind1=" " ind2=" ">
    <subfield code="a">NB</subfield>
  </datafield>
  <datafield tag="995" ind1=" " ind2=" ">
    <subfield code="5">2010-11-11</subfield>
    <subfield code="a">ad</subfield>
    <subfield code="b">NLR01</subfield>
    <subfield code="c">NLR01</subfield>
    <subfield code="e">RF8</subfield>
    <subfield code="f">3288867</subfield>
    <subfield code="k">2010-5/9739</subfield>
    <subfield code="o">0</subfield>
    <subfield code="r">BOOK</subfield>
    <subfield code="s">201059739_</subfield>
  </datafield>
  <datafield tag="995" ind1=" " ind2=" ">
    <subfield code="5">2010-11-11</subfield>
    <subfield code="a">ad</subfield>
    <subfield code="b">NLR01</subfield>
    <subfield code="c">NLR01</subfield>
    <subfield code="e">RF8</subfield>
    <subfield code="f">3288868</subfield>
    <subfield code="k">2010-5/9739</subfield>
    <subfield code="o">0</subfield>
    <subfield code="r">BOOK</subfield>
    <subfield code="s">201059739_</subfield>
  </datafield>
</record>
